00887nam a22002417a 450000500170000001000130001702000210003003500130005103700160006404000120008008200180009210000240011024500800013426000470021427000470026130000240030850000510033265000320038365000220041594200270043799900190046495201620048320170124110014.0 aA-596688 c00.00a817100489 aA-596688 bCen Lib/Ret aDPLbEN a344.0325bSHA aSharma, S.S.918350 aLegal aid to the poor :cby S.S. Sharma bthe law and indian legal system / bNew Delhi aDeep & Deep Publicationsc1993 aF-159, Rajouri Garden bNew Delhi e110027 axv, 273p.c19cm(Hb) aIncludes bibliographical references and index  aIndian legal system 918351 aLegal aid 918352 2ddccENh344.0325mSHA c126738d126738 04104070aLbLd2015-06-26eCen Lib/Retg0.00l0o344.0325 SHApA-596688r2015-06-26 00:00:00t1v0.00w2015-06-26yENzW/d List No. 8131/10; dtd 20.2.2017